Corrupȯ̂ e Desigualdade Combate ̉Corrupȯ̂ Efetivo, Republicano e Democrt̀ico como Redutor da Desigualdade Social /

Detalles Bibliográficos
Autor principal: Mitidieri Figueiredo, Leandro
Formato: eBook
Lenguaje:portugués
Publicado: Rio de Janeiro: Editora Processo, 2020
Materias:
Acceso en línea:Acceso restringido

MARC

LEADER 00000nam a22000007a 4500
005 20220719221336.0
007 cr|||| ||||
008 220719s2020 br |||||s|||| 00||0 por d
020 |a 978-85-93741-82-1 
035 |a 36736 
040 |a vLex 
090 |c 13586  |d 13586 
100 1 |a Mitidieri Figueiredo, Leandro 
245 1 0 |a Corrupȯ̂ e Desigualdade  |h [Recurso electrn̤ico] :  |b Combate ̉Corrupȯ̂ Efetivo, Republicano e Democrt̀ico como Redutor da Desigualdade Social /  |c Leandro Mitidieri Figueiredo 
256 |a Servicio en ln̕ea 
260 |a Rio de Janeiro:  |b Editora Processo,  |c 2020 
300 |a 1 recurso electrn̤ico 
500 |a A partir de seus estudos e experin̊cias prt̀icas, o autor analisa o fenm̥eno da corrupȯ̂ e sua relaȯ̂ com a desigualdade. É abordada a cultura, a lei, a relaȯ̂ de custo e benefc̕io da prt̀ica de corrupȯ̂ e experimentos de psicologia da desonestidade. Mas, fundamentalmente, a obra explora a tese de que a corrupȯ̂ ̌concentradora de renda, minando as defesas do Estado e neutralizando seu poder de gerar distribuiȯ̂ de riqueza e justiȧ social. A corrupȯ̂ ̌um dos fatores causadores da desigualdade social, mas, outrossim, a desigualdade social ̌um dos fatores que favorecem a corrupȯ̂. Nestes termos, o enfrentamento ̉corrupȯ̂ ̌uma polt̕ica realizadora do objetivo fundamental constitucional de reduȯ̂ da desigualdade. Contudo, nô ̌qualquer combate ̉corrupȯ̂ que cumpre esse papel de redutor da desigualdade social, e sim o enfrentamento ̉corrupȯ̂ efetivo, republicano e democrt̀ico. 
506 1 |a Disponible solo en los productos indicados  |d vLex Global  |d vLex Global (Academic Edition, excluding Law Schools)  |d vLex Global (U.S. Academic Edition, Law Schools)  |d vLex Global (U.S. Academic Edition, excluding Law Schools)  |d vLex Global (Academic Edition, Law Schools) 
650 0 4 |a Derecho Penal  |z Brasil 
740 0 |a vLex Libros (Servicio en ln̕ea) 
856 4 0 |u https://app.vlex.com/#/sources/36736  |z Acceso restringido 
942 |c BOOK 
999 0 |a Criminal law